000 00641nam a2200229 i 4500
001 93517
003 ES-MaACL
005 20230906181241.0
007 t|
008 050602s2004 sp ||||1| spa d
020 _a84-7584-538-X
080 _a821.134.2-31"19"
100 1 _aMaceda, Pío.
_975134
245 1 0 _aNadar contra corriente
_b: confidencias de un profesor de secundaria /
_cPío Maceda.
250 _a1ª ed.
260 _aMaceda :
_bLaertes,
_c2004.
300 _a146 p. ;
_c20 cm.
490 1 _aLaertes ;
_v91
830 0 _aLaertes ;
_v91
_9184304
852 _aES-MaACL
_jL-29152
_bR.135572
999 _c93517
_d93517